00500 2200205 4500001002100000005001500021008004100036020001800077035001900095041000600114082000800120090001400128100002300142700001700165245001400182250001400196260003600210300003400246650001400280INLIS00000000000514620241224113039241224||||||||| | ||| |||| ||  a979-683-021-3 0010-1224005146 a00 a658 a658 STE m0 aStephen P. Robbins0 aMary Coulter00aManajemen aIndonesia aJakartabPT. Prenhallindoc1999 axvi, 333 hlm.; ilus.: 27,5 cm 0amanajemen